| 000 | 02613nam0a2200445 i 4500 | ||
|---|---|---|---|
| 001 | RU\NLR\bibl\2069525 | ||
| 005 | 20260407055956.0 | ||
| 010 |
_a9785905988257 _9200 |
||
| 021 |
_aRU _b2013-61091 _94194 |
||
| 035 | _a(NLR Aleph) 002055899 | ||
| 090 |
_a4663658 _c4663658 |
||
| 100 | _a20130906d2013 u||y0rusy50 ca | ||
| 101 | 0 | _arus | |
| 102 | _aRU | ||
| 105 | _ag ||||||||| | ||
| 200 | 1 |
_aПроблемы анализа и интерпретации романтической музыки _eк 200-летию со дня рождения Шопена, Шумана, Листа _eсборник статей и материалов _fМ-во культуры РФ, Гос. муз.-пед. ин-т им. М.М. Ипполитова-Иванова _g[ред-сост.: к.иск. О.А. Астахова] _eсборник статей и материалов |
|
| 210 |
_aМосква _aСанкт-Петербург _cНестор-История _d2013 |
||
| 215 |
_a86 с _cнот. _d24 |
||
| 320 | _aБиблиогр. в подстроч. примеч | ||
| 600 | 1 |
_aШопен _bФ. _f1810 - 1849 _gФридерик _jСборники _9999099 _3RU\NLR\AUTH\66378603 |
|
| 600 | 1 |
_aЛист _bФ. _f1811 - 1886 _gФеренц _jСборники _9982796 _3RU\NLR\AUTH\66370168 |
|
| 600 | 1 |
_aШуман _bР. _f1810 - 1856 _gРоберт _jСборники _9999143 _3RU\NLR\AUTH\66378631 |
|
| 606 |
_aМузыкальное исполнительство _jСборники _9920361 _3RU\NLR\AUTH\6618335 |
||
| 606 |
_aРомантизм _jСборники _xв музыке _91660066 _3RU\NLR\AUTH\66735473 |
||
| 686 | 1 | _aЩ313(4Г)51-81Шуман я43 | |
| 686 | 1 | _aЩ313(4П)51-81Шопен я43 | |
| 686 | 1 | _aЩ313(4Вн)51-81Лист я43 | |
| 686 | 1 | _aЩ300.07я43 | |
| 686 | 1 | _aЩ313(0)5-224я43 | |
| 702 | 1 |
_4570 _4570 _8rus _7ca _aШопен _bФ. _f1810-1849 _gФридерик _3RU\NLR\AUTH\7758499 _941431 |
|
| 702 | 1 |
_4570 _8rus _7ca _aШуман _bР. _f1810-1856 _gРоберт _3RU\NLR\AUTH\77106981 _989906 |
|
| 702 | 1 |
_4570 _8rus _7ca _aЛист _bФ. _f1811-1886 _gФеренц _3RU\NLR\AUTH\7743076 _926019 |
|
| 702 | 1 |
_aАстахова _bО. А. _gОльга Андреевна _4220 |
|
| 712 | 0 | 2 |
_4570 _aГосударственный музыкально-педагогический институт им. М. М. Ипполитова-Иванова _cМосква _3RU\NLR\AUTH\8810026692 _9551573 |
| 801 | 0 |
_aRU _bNLR _c20130906 _gRCR |
|
| 801 | 1 |
_aRU _bNLR _c20130906 |
|
| 942 | _cBOOK | ||
| 980 | _aNBR | ||